| 000 | 00410nam a22001337a 4500 | ||
|---|---|---|---|
| 999 |
_c7767 _d7768 |
||
| 008 | 190326b ||||| |||| 00| 0 eng d | ||
| 020 | _a9788461194629 | ||
| 082 | _a573.2 F36b 2006 | ||
| 100 | _aFernandez, Jonan | ||
| 245 |
_aBeing, Human in conflicts ; _ban ethical reflection after direct experience of the Basque conflict. |
||
| 260 |
_aSpanish ; _bBaketik, _c2006. |
||
| 300 |
_a315 p. _c23 cm. |
||
| 942 | _2ddc | ||